000 00472nam a22001697a 4500
003 NUST - PNEC
005 20170116181155.0
008 160112b xxu||||| |||| 00| 0 eng d
020 _a-
040 _cLIBRARY
082 _a793.735491 KAR
100 _915902
_aKardar, Iqbal
245 _aQuaid e Azam quiz : Hayat e Quaid e Azam ka mukamal sawalan jawaban encyclopedia
_cDr.Iqbal Kardar
260 _aLahore:
650 _915904
_aQuiz
_xGeneral
942 _2ddc
_cBK
999 _c71197
_d71197